LEADER 01399nam a2200301 i 4500 001 000000187727 003 CaOOAMICUS 005 20150309000000.0 008 150309s1969 it u000 u ita u 013 $a165823 040 $aSeMil$bita 100 1 $aHeschel, Abraham Joshua <1907-1972>.$0(OLS)http://semarc/name/23949 245 10$aDio alla ricerca dell'uomo :$buna filosofia dell'ebraismo /$cdi Abraham Joshua Heschel ; prefazione di Elémire Zolla ; traduzione dall'inglese di Elèna Mortara Di Veroli. 260 $aTorino :$bBorla,$c1969. 300 $a478 p. ;$c21 cm. 490 0 $aDocumenti di cultura moderna ;$v13 500 $aFondo card. Giovanni Colombo. 650 4$aGiudaismo - Antropologia.$0(OLS)http://semarc/subject/12579 650 4$aGiudaismo - Fede.$0(OLS)http://semarc/subject/12580 700 1 $aMortara Di Veroli, Elèna.$0(OLS)http://semarc/name/32485 700 1 $aZolla, Elémire,$d<1926-2002>.$0(OLS)http://semarc/name/1864 830 0$aDocumenti di cultura moderna ;$v13.$0(OLS)http://semarc/title/10529 850 $aSeMil 852 $aSeMil$W1$xVenegono$y1$m3GC V 210$j138414$B138414$CSeMilBibl$Z2$F149853 $8B 941 1 $a3 961 $aLascito: Colombo Card. Giovanni 996 $6245$aDio alla ricerca dell'uomo :$buna filosofia dell'ebraismo$9(OLS)http://semarc/title/270081 996 $6260$aTorino :$bBorla$9(OLS)http://semarc/publisher/29913 LEADER 01297nam a2200289 i 4500 001 000000079807 003 CaOOAMICUS 005 20170515000000.0 008 170515s1973 it u000 u ita u 013 $a52045 040 $aSeMil$bita 100 1 $aMadinier, Gabriel.$0(OLS)http://semarc/name/43553 240 10$aConscience et amour.$0(OLS)http://semarc/title/403650 245 10$aCoscienza e giustizia /$cGabriel Madinier ; a cura di Elisa Lombardi Vallauri ; introduzione di Luigi Lombardi Vallauri. 260 $aMilano :$bGiuffrè,$c1973. 300 $aXXI, 133 p. ;$c21 cm. 490 0 $aCiviltà del diritto ;$v30 650 4$aFilosofia del diritto.$0(OLS)http://semarc/subject/2001 650 4$aEtica della giustizia - Filosofia.$0(OLS)http://semarc/subject/45267 700 1 $aLombardi Vallauri, Luigi.$0(OLS)http://semarc/name/40018 700 1 $aLombardi Vallauri, Elisa.$0(OLS)http://semarc/name/91290 830 0$aCiviltà del diritto ;$v30.$0(OLS)http://semarc/title/32679 850 $aSeMil 852 $aSeMil$W1$xVenegono$y1$m2H II 16$j45436$B45436$CSeMilBibl$Z2$F47404 $81 961 $aOmaggio: Conti don Ermenegildo 996 $6245$aCoscienza e giustizia$9(OLS)http://semarc/title/403649 996 $6260$aMilano :$bGiuffrè$9(OLS)http://semarc/publisher/29926